| 000 | 01255cad a22002055a 4500 | ||
|---|---|---|---|
| 001 | L152604 | ||
| 008 | 110331s20110331xxk f 000 0 eng d | ||
| 035 | _a(Sirsi) u152604 | ||
| 041 | 0 | _aeng | |
| 110 | 2 |
_aNationwide Building Society _91019 |
|
| 245 | 0 | 0 |
_aNationwide house price index _bMarch 2011[electronic resource] |
| 260 | _c2011 | ||
| 490 | 0 |
_aNationwide House Price Index _vMarch 2011 |
|
| 520 | _aUnited Kingdom house prices increased by 0.5% in March 2011. While demand is likely to remain fairly soft, a rapid increase in the supply of properties also appears unlikely. Low interest rates and a stabilisation in labour market conditions have prevented a rise in forced selling, and the subdued market outlook is deterring many sellers from entering the market. With the economic recovery expected to remain sluggish, the most likely outcome is that the property market will follow suit, with low transaction levels and prices moving sideways or modestly lower through 2011. | ||
| 590 | _aKA | ||
| 651 | 4 |
_aUnited Kingdom _y |
|
| 690 | _aPROPERTY-RESIDENTIAL PROPERTY-RESIDENTIAL PROPERTY MARKET | ||
| 856 | 4 | 0 |
_uhttps://www.nationwide.co.uk/hpi/historical/Mar_2011.pdf _zView this item free of charge at www.nationwide.co.uk |
| 942 | _n0 | ||
| 999 |
_c112133 _d112133 |
||